[Event "World Rapid 2023"]
[Site "Samarkand UZB"]
[Date "2023.12.28"]
[EventDate "2023.12.26"]
[Round "10.20"]
[Result "1-0"]
[White "R Praggnanandhaa"]
[Black "Conrad Holt"]
[WhiteElo "2740"]
[BlackElo "2540"]
[PlyCount "90"]

1. Nf3 d5 2. g3 Bg4 3. Bg2 Nd7 4. O-O e6 5. h3 Bxf3 6. Bxf3 Bd6 7. d3 Ngf6 8. e4
O-O 9. Bg2 c6 10. Qe2 Qb6 11. Kh1 Rad8 12. Nd2 Rfe8 13. Nf3 e5 14. Nh4 Bf8 15.
Nf5 Qa6 16. Qf3 dxe4 17. dxe4 Qc4 18. Bg5 h6 19. Be3 Qxc2 20. Rad1 Qc4 21. Rd2
Bb4 22. Rdd1 Qe6 23. h4 Bf8 24. b3 Kh8 25. g4 Ng8 26. g5 g6 27. Nxh6 Nxh6 28.
gxh6 Qf6 29. Qg4 Qe7 30. Bg5 f6 31. Be3 Qf7 32. Bh3 Nc5 33. Rxd8 Rxd8 34. Rg1
Kh7 35. h5 gxh5 36. Qf3 Kh8 37. Bxc5 Bxc5 38. Rg7 Qxg7 39. hxg7+ Kxg7 40. Bf5 b6
41. Qg3+ Kf8 42. Qg6 Rd6 43. Qh7 Ke8 44. Qc7 Kf8 45. Bg6 1-0

[Event "World Rapid 2023"]
[Site "Samarkand UZB"]
[Date "2023.12.28"]
[EventDate "2023.12.26"]
[Round "10.21"]
[Result "1-0"]
[White "Anish Giri"]
[Black "Daniel Dardha"]
[WhiteElo "2754"]
[BlackElo "2598"]
[PlyCount "52"]

1. e4 e5 2. Nf3 Nc6 3. Bb5 Nf6 4. d3 Bc5 5. Bxc6 dxc6 6. O-O Nd7 7. Nc3 O-O 8.
Be3 Bd6 9. Nd2 c5 10. Nc4 Nb6 11. Nxd6 cxd6 12. f4 exf4 13. Rxf4 Be6 14. Qh5 g6
15. Qh6 Qe7 16. e5 dxe5 17. Ne4 f5 18. Bxc5 Qg7 19. Qxg7+ Kxg7 20. Bxf8+ Kxf8
21. Rf2 Nd7 22. g4 f4 23. d4 h6 24. dxe5 g5 25. h4 Bd5 26. hxg5 1-0

[Event "World Rapid 2023"]
[Site "Samarkand UZB"]
[Date "2023.12.28"]
[EventDate "2023.12.26"]
[Round "10.23"]
[Result "1-0"]
[White "Pavel Ponkratov"]
[Black "Laurent Fressinet"]
[WhiteElo "2608"]
[BlackElo "2637"]
[PlyCount "60"]

1. Nf3 d5 2. g3 Nf6 3. Bg2 e6 4. O-O Be7 5. c4 O-O 6. d4 c6 7. Qc2 b6 8. Nbd2 c5
9. dxc5 bxc5 10. e4 Nc6 11. exd5 exd5 12. cxd5 Nb4 13. Qb3 Bf5 14. Ne5 Nc2 15.
Nc6 Qd7 16. Rb1 Nd4 17. Qc4 Bd6 18. b4 Bxb1 19. bxc5 Bxc5 20. Qxc5 Ne2+ 21. Kh1
Bd3 22. Bb2 Rae8 23. Bxf6 gxf6 24. Rd1 Qg4 25. Bf3 Be4 26. Qa3 Bxd5 27. Bxd5
Nxg3+ 28. Qxg3 Qxg3 29. hxg3 Re2 30. Kg2 1-0

[Event "World Rapid 2023"]
[Site "Samarkand UZB"]
[Date "2023.12.28"]
[EventDate "2023.12.26"]
[Round "10.24"]
[Result "0-1"]
[White "Sabino Brunello"]
[Black "Aydin Suleymanli"]
[WhiteElo "2500"]
[BlackElo "2609"]
[PlyCount "58"]

1. d4 Nf6 2. Nf3 e6 3. g3 Be7 4. Bg2 O-O 5. O-O d5 6. c4 dxc4 7. Qc2 a6 8. Qxc4
b5 9. Qc2 Bb7 10. Bd2 Be4 11. Qc1 c6 12. Rd1 Nbd7 13. Nc3 Bg6 14. Bg5 Nd5 15.
Bxe7 Qxe7 16. Nxd5 cxd5 17. Qd2 Rfc8 18. Rdc1 Nb6 19. b3 Qa3 20. Ne5 a5 21. Nc6
a4 22. Qb4 Qxb4 23. Nxb4 h6 24. Bf1 axb3 25. axb3 Rxa1 26. Rxa1 Rc3 27. Ra6 Rxb3
28. Rxb6 Rxb4 29. e3 Rb1 0-1

[Event "World Rapid 2023"]
[Site "Samarkand UZB"]
[Date "2023.12.28"]
[EventDate "2023.12.26"]
[Round "10.25"]
[Result "1/2-1/2"]
[White "Evgeny Tomashevsky"]
[Black "Mukhiddin Madaminov"]
[WhiteElo "2681"]
[BlackElo "2494"]
[PlyCount "76"]

1. e4 e5 2. Nf3 Nc6 3. Bb5 a6 4. Ba4 Nf6 5. d3 d6 6. c3 g6 7. O-O Bg7 8. Re1 O-O
9. h3 h6 10. Be3 Re8 11. Nbd2 d5 12. Bxc6 bxc6 13. d4 dxe4 14. dxe5 exf3 15.
exf6 Qxf6 16. Nxf3 Be6 17. Bd4 Qd8 18. Qa4 Bxd4 19. Qxd4 Qxd4 20. Nxd4 Bd5 21.
b3 c5 22. Nc2 a5 23. f3 Be6 24. Kf2 Red8 25. Re5 a4 26. b4 Rd2+ 27. Re2 Rad8 28.
Ne3 cxb4 29. cxb4 a3 30. Rc1 R2d4 31. Rc3 Rd3 32. Rxc7 Rb8 33. Nc2 h5 34. Ra7
Bxa2 35. Nxa3 Bb3 36. Nc2 Bxc2 37. Rxc2 Rxb4 38. Rac7 1/2-1/2

[Event "World Rapid 2023"]
[Site "Samarkand UZB"]
[Date "2023.12.28"]
[EventDate "2023.12.26"]
[Round "10.26"]
[Result "0-1"]
[White "Haik M Martirosyan"]
[Black "Bardiya Daneshvar"]
[WhiteElo "2678"]
[BlackElo "2591"]
[PlyCount "170"]

1. d4 Nf6 2. c4 e6 3. Nf3 d5 4. Nc3 Be7 5. cxd5 exd5 6. Bf4 c6 7. e3 Nh5 8. h3
Nxf4 9. exf4 Bd6 10. g3 Qe7+ 11. Be2 Bf5 12. Kf1 O-O 13. Bd3 Bxd3+ 14. Qxd3 f6
15. h4 Nd7 16. h5 Rfe8 17. Nh4 Qf7 18. Nf5 Bf8 19. Kg2 Nb6 20. b3 Nc8 21. Ne3
Nd6 22. f5 Ne4 23. h6 g5 24. Na4 Qc7 25. Rac1 Rad8 26. Rc2 Kf7 27. Qe2 Bb4 28.
Nb2 Bc3 29. Qd3 Bb4 30. Nbd1 Qd7 31. f3 Nd6 32. Nf2 Re7 33. Nfg4 Rde8 34. Rh2
Be1 35. Re2 Ba5 36. Kf1 Bd8 37. a4 a6 38. Qc2 Qc8 39. Rhf2 Rc7 40. Kg2 Qd7 41.
Qb1 Kf8 42. Qc2 Nf7 43. Re1 Qd6 44. Rfe2 Rce7 45. Qd3 Ba5 46. Rh1 Bc7 47. Rh3
Nd8 48. Rc2 Bb6 49. Qc3 a5 50. Rh1 Bc7 51. Rh3 Kf7 52. Kf2 Bb6 53. Rh1 Bc7 54.
Rg1 Kf8 55. Rb2 Nf7 56. b4 Nxh6 57. Qc5 axb4 58. Nxh6 Qxc5 59. dxc5 Rxe3 60. Ng4
R3e7 61. Rxb4 Kg7 62. Kg2 Ba5 63. Rb3 Be1 64. Rh1 d4 65. Rh6 Re2+ 66. Kh3 R8e7
67. Rxf6 Rd7 68. Rd6 Rf7 69. Nh6 Rc7 70. Ng4 Bc3 71. a5 Bxa5 72. Ra3 Bb4 73. Ra8
Bxc5 74. f6+ Kf7 75. Rdd8 h5 76. Nh6+ Kxf6 77. g4 h4 78. Nf5 Rf2 79. Nh6 Rxf3+
80. Kg2 Rg3+ 81. Kf1 d3 82. Ke1 Re7+ 83. Kd1 Re2 84. Rxd3 Rxd3+ 85. Kxe2 Rg3 0-1

[Event "World Rapid 2023"]
[Site "Samarkand UZB"]
[Date "2023.12.28"]
[EventDate "2023.12.26"]
[Round "10.27"]
[Result "1-0"]
[White "Javokhir Sindarov"]
[Black "Savva Vetokhin"]
[WhiteElo "2701"]
[BlackElo "2396"]
[PlyCount "124"]

1. e4 c5 2. Nf3 d6 3. d4 cxd4 4. Nxd4 Nf6 5. Bd3 Nc6 6. Be3 g6 7. h3 Bg7 8. c4
O-O 9. Nc3 Nd7 10. Be2 Nc5 11. O-O Ne6 12. Nxe6 Bxe6 13. Qd2 Rc8 14. Rab1 a6 15.
Rfc1 Ne5 16. b3 f5 17. f4 Nd7 18. exf5 Bxf5 19. Bd3 Bxd3 20. Qxd3 Nc5 21. Qd2
Kh8 22. Rf1 Qe8 23. Rbe1 Qf7 24. Bd4 Nd7 25. Nd5 Rce8 26. Bxg7+ Kxg7 27. Nc7 Nf6
28. f5 Kg8 29. Nxe8 Rxe8 30. fxg6 Qxg6 31. Qd4 Kg7 32. Re3 h5 33. Rff3 Kh7 34.
Rg3 Qf5 35. Ref3 Qe4 36. Qxe4+ Nxe4 37. Rf7+ Kh6 38. Re3 Kg6 39. Rf1 Nf6 40.
Rg3+ Kf7 41. Rg5 Ke6 42. Re1+ Kd7 43. Rg7 b5 44. g4 hxg4 45. hxg4 bxc4 46. bxc4
Kd8 47. Kg2 Nd7 48. g5 Ne5 49. c5 Kd7 50. Rd1 Ke6 51. cxd6 exd6 52. Rf1 Rc8 53.
Rf6+ Kd5 54. g6 Rc2+ 55. Kg3 Rc1 56. Rf2 Rc3+ 57. Kh4 Rc1 58. Rg2 Ke6 59. Rb7
Nf3+ 60. Kg3 Nd4 61. g7 Rc8 62. Kf4 Rg8 1-0

[Event "World Rapid 2023"]
[Site "Samarkand UZB"]
[Date "2023.12.28"]
[EventDate "2023.12.26"]
[Round "10.28"]
[Result "0-1"]
[White "Rudik Makarian"]
[Black "Rauf Mamedov"]
[WhiteElo "2530"]
[BlackElo "2651"]
[PlyCount "140"]

1. d4 Nf6 2. c4 d6 3. Nf3 g6 4. Nc3 Bf5 5. g3 Bg7 6. Bg2 O-O 7. Nh4 Bc8 8. O-O
Nc6 9. d5 Ne5 10. b3 c6 11. dxc6 bxc6 12. Bb2 Rb8 13. Qd2 Bb7 14. Nf3 Nxf3+ 15.
exf3 d5 16. Rfd1 dxc4 17. Qe2 Qa5 18. f4 cxb3 19. axb3 Qb4 20. Na4 Nd5 21. Bxg7
Kxg7 22. Qc4 a5 23. Nc5 Bc8 24. Bxd5 cxd5 25. Qxd5 Kg8 26. Ra4 Qb5 27. Nd7 Qxd5
28. Rxd5 Rxb3 29. Nxf8 Rb1+ 30. Kg2 Bb7 31. Rxa5 Rd1 32. Nd7 Bxd5+ 33. f3 Rd2+
34. Kg1 Bxf3 35. Ne5 Bd5 36. Ra7 f6 37. Ng4 Re2 38. Rxe7 Rxe7 39. Nxf6+ Kf7 40.
Nxd5 Re2 41. Nb4 Ke6 42. Nd3 Kd5 43. Nf2 Kd4 44. Ng4 Ke4 45. Kf1 Ra2 46. Kg1 Rc2
47. Nf2+ Kf3 48. Nd3 Rg2+ 49. Kh1 Rd2 50. Ne5+ Ke4 51. h4 Ra2 52. Kg1 Ke3 53.
Kf1 Ke4 54. Kg1 h6 55. Kf1 Rd2 56. Kg1 Ra2 57. Kf1 Rc2 58. Kg1 g5 59. hxg5 hxg5
60. Kf1 gxf4 61. gxf4 Kxf4 62. Nd3+ Ke3 63. Ne5 Rc5 64. Nd7 Rf5+ 65. Kg2 Kd4 66.
Kg3 Rf7 67. Nb6 Rb7 68. Nc8 Ke5 69. Kg4 Ke6 70. Kg5 Kd7 0-1

[Event "World Rapid 2023"]
[Site "Samarkand UZB"]
[Date "2023.12.28"]
[EventDate "2023.12.26"]
[Round "10.29"]
[Result "1-0"]
[White "Tigran L Petrosian"]
[Black "Haowen Xue"]
[WhiteElo "2561"]
[BlackElo "2455"]
[PlyCount "100"]

1. b3 e5 2. Bb2 Nc6 3. e3 g6 4. Nf3 Bg7 5. d4 exd4 6. Nxd4 Nf6 7. Nxc6 bxc6 8.
Be2 O-O 9. O-O c5 10. Bf3 Rb8 11. c4 d6 12. Nc3 Be6 13. Qd2 Nd7 14. Rad1 h5 15.
Bd5 Bg4 16. f3 Bf5 17. e4 Be6 18. Bxe6 fxe6 19. f4 Bd4+ 20. Kh1 Qf6 21. Ba1 Ne5
22. Nb5 Bxa1 23. Rxa1 Rb7 24. Qe2 Ng4 25. h3 a6 26. hxg4 Qh4+ 27. Kg1 hxg4 28.
Qe3 axb5 29. g3 Qf6 30. cxb5 Rxb5 31. Rad1 Qf7 32. Rd2 Rb4 33. e5 d5 34. Qxc5
Re4 35. Rdf2 d4 36. Rg2 Rd8 37. Qc4 Re3 38. Qc5 Rd5 39. Qa7 Kg7 40. Rc1 c5 41.
Qb8 d3 42. Rd1 Rd7 43. Qc8 Rc7 44. Qd8 Rd7 45. Qh4 g5 46. Qxg5+ Qg6 47. Qh4 d2
48. Rgxd2 Rf7 49. Rh2 Rf8 50. Rd7+ 1-0

[Event "World Rapid 2023"]
[Site "Samarkand UZB"]
[Date "2023.12.28"]
[EventDate "2023.12.26"]
[Round "10.30"]
[Result "1-0"]
[White "Aleksandar Indjic"]
[Black "Robert Hovhannisyan"]
[WhiteElo "2589"]
[BlackElo "2611"]
[PlyCount "102"]

1. d4 d5 2. c4 e6 3. Nc3 Nf6 4. Nf3 c6 5. Bg5 Be7 6. e3 h6 7. Bh4 O-O 8. Qc2
Nbd7 9. a3 b6 10. cxd5 cxd5 11. Bd3 Bb7 12. O-O Rc8 13. Qb1 Ne8 14. Bg3 Nd6 15.
Ne5 Nxe5 16. dxe5 Nc4 17. Rd1 Nxa3 18. Qc1 Qc7 19. Qd2 Nc4 20. Bxc4 dxc4 21.
Rxa7 Rfd8 22. Qe1 Qc6 23. Rxd8+ Rxd8 24. f3 Bb4 25. h4 b5 26. Ra1 Qd7 27. Bf4
Qd2 28. Qxd2 Rxd2 29. Nxb5 Rxb2 30. Nd6 Bd2 31. Nxc4 Rc2 32. Nd6 Bd5 33. Ra7
Rc1+ 34. Kh2 Rc2 35. Kh3 Bb4 36. e4 Bc6 37. h5 Bc5 38. Rc7 Ba4 39. Rc8+ Kh7 40.
Nxf7 g5 41. hxg6+ Kxg6 42. Nxh6 Bd4 43. Rd8 Bxe5 44. Bxe5 Kxh6 45. Rf8 Bb3 46.
g4 Rc1 47. Rg8 Rh1+ 48. Kg2 Rd1 49. g5+ Kh5 50. g6 Rd2+ 51. Kg3 1-0

[Event "World Rapid 2023"]
[Site "Samarkand UZB"]
[Date "2023.12.28"]
[EventDate "2023.12.26"]
[Round "10.31"]
[Result "1/2-1/2"]
[White "S L Narayanan"]
[Black "Ediz Gurel"]
[WhiteElo "2677"]
[BlackElo "2560"]
[PlyCount "66"]

1. d4 d5 2. c4 c6 3. Nf3 Nf6 4. Nc3 e6 5. e3 Be7 6. b3 Ne4 7. Nxe4 dxe4 8. Nd2
f5 9. Bb2 O-O 10. Be2 c5 11. dxc5 Bxc5 12. a3 a5 13. O-O Nc6 14. Qc2 Qe7 15. Nb1
b6 16. Nc3 Bb7 17. Na4 Bd6 18. Nxb6 Rad8 19. Na4 f4 20. c5 Bb8 21. Bc4 Rf5 22.
Rad1 Rdf8 23. Qxe4 Ne5 24. Bxe6+ Qxe6 25. Qxb7 fxe3 26. fxe3 Rxf1+ 27. Rxf1
Rxf1+ 28. Kxf1 Qf5+ 29. Ke1 Qb1+ 30. Kd2 Qd3+ 31. Kc1 Qf1+ 32. Kc2 Qd3+ 33. Kc1
Qf1+ 1/2-1/2

[Event "World Rapid 2023"]
[Site "Samarkand UZB"]
[Date "2023.12.28"]
[EventDate "2023.12.26"]
[Round "10.32"]
[Result "0-1"]
[White "Mittal Aditya"]
[Black "Alexandr Predke"]
[WhiteElo "2595"]
[BlackElo "2689"]
[PlyCount "74"]

1. e4 c5 2. Nf3 Nc6 3. Bb5 e6 4. O-O Nge7 5. Re1 Nd4 6. Nxd4 cxd4 7. c3 a6 8.
Bf1 Nc6 9. d3 Bc5 10. Nd2 O-O 11. e5 Ba7 12. Qh5 d6 13. exd6 Qxd6 14. Ne4 Qd5
15. Qh4 e5 16. Be2 f5 17. Bd1 Na5 18. c4 Qd8 19. Ng5 h6 20. Bf3 e4 21. dxe4 Nxc4
22. e5 Be6 23. Bh5 d3 24. Qh3 d2 25. Bxd2 Qxd2 26. Nxe6 Bxf2+ 27. Kf1 Qxb2 28.
Re2 Qxa1+ 29. Kxf2 Nxe5 30. Qb3 Kh8 31. Re1 Ng4+ 32. Kf1 Nxh2+ 33. Kf2 Ng4+ 34.
Kf1 Qf6 35. Nf4 Qd4 36. Qg3 Rf6 37. Ne2 Qe3 0-1

[Event "World Rapid 2023"]
[Site "Samarkand UZB"]
[Date "2023.12.28"]
[EventDate "2023.12.26"]
[Round "10.33"]
[Result "1-0"]
[White "Shakhriyar Mamedyarov"]
[Black "Aryan Tari"]
[WhiteElo "2723"]
[BlackElo "2623"]
[PlyCount "118"]

1. d4 d5 2. c4 e6 3. Nf3 Nf6 4. Bg5 dxc4 5. Qa4+ Nbd7 6. e4 c5 7. Nc3 cxd4 8.
Nxd4 Qb6 9. O-O-O Bc5 10. Qxc4 Ne5 11. Qb5+ Bd7 12. Qxb6 Bxb6 13. f3 Rc8 14. Kb1
a6 15. Be2 Ba5 16. Rc1 O-O 17. Rhd1 Bxc3 18. Rxc3 Rxc3 19. bxc3 Rc8 20. Nb3 Ba4
21. Rd4 b5 22. Nc5 h6 23. Be3 g5 24. Nxa4 bxa4 25. Rxa4 Nfd7 26. Kc2 Nb8 27.
Bxa6 Nxa6 28. Rxa6 Nc4 29. Bc1 Kg7 30. Kb3 Kg6 31. a4 Ne5 32. Rd6 Rb8+ 33. Kc2
Ra8 34. Rd4 Nc6 35. Rc4 Ne5 36. Rc5 Nd7 37. Rc7 Ne5 38. Kb3 Rb8+ 39. Ka2 Nd3 40.
Ba3 Ne1 41. a5 Ra8 42. Bb4 Nxg2 43. Kb3 Ne1 44. Kc4 Nxf3 45. Kb5 g4 46. Kb6 h5
47. Kb7 Rd8 48. a6 h4 49. Be7 Rd2 50. a7 Rb2+ 51. Bb4 Ra2 52. Rc8 Nxh2 53. Rg8+
Kh5 54. Rh8+ Kg5 55. Be7+ f6 56. e5 g3 57. exf6 Kg6 58. Rg8+ Kh7 59. f7 1-0

[Event "World Rapid 2023"]
[Site "Samarkand UZB"]
[Date "2023.12.28"]
[EventDate "2023.12.26"]
[Round "10.34"]
[Result "1/2-1/2"]
[White "Igor Lysyj"]
[Black "AR Saleh Salem"]
[WhiteElo "2589"]
[BlackElo "2639"]
[PlyCount "150"]

1. d4 Nf6 2. c4 g6 3. Nc3 Bg7 4. e4 d6 5. Nf3 O-O 6. Be2 e5 7. Be3 Nbd7 8. O-O
Qe7 9. Qc2 c6 10. Rad1 h6 11. h3 Re8 12. dxe5 dxe5 13. a3 Nh5 14. g3 Nf8 15. Kh2
Nf6 16. Rfe1 N6h7 17. c5 Ne6 18. Qc1 Nhg5 19. Nxg5 hxg5 20. Rd6 Bf6 21. Bg4 Nd4
22. Qd1 Bxg4 23. Qxg4 Rad8 24. Rxd8 Rxd8 25. b4 a5 26. Na4 axb4 27. axb4 Nc2 28.
Rd1 Nxe3 29. fxe3 Rxd1 30. Qxd1 Qe6 31. Qc2 g4 32. h4 Bg7 33. Nb6 Bh6 34. Nc4
Bf8 35. Kg2 Be7 36. Qc3 Qf6 37. Nd2 Bf8 38. Qd3 Qe6 39. Nc4 Be7 40. Qe2 Bf6 41.
Nd6 b5 42. Qc2 Be7 43. Nb7 Qd7 44. Na5 Bd8 45. Nb3 Qe6 46. Qd3 Be7 47. Qc2 Bf8
48. Nd2 Bh6 49. Kf2 Qd7 50. Ke2 Qa7 51. Qc3 Bg7 52. Qb2 Qa4 53. Nb1 Bf6 54. Nc3
Qa7 55. Qa2 Qd7 56. Qa8+ Kg7 57. Qb8 Qe6 58. Kd2 Qb3 59. Qd6 Qb2+ 60. Kd3 Qxb4
61. Qxc6 Qc4+ 62. Kd2 b4 63. Nd5 Bd8 64. Qa8 b3 65. Qxd8 Qc2+ 66. Ke1 Qb1+ 67.
Kd2 Qb2+ 68. Ke1 Qa1+ 69. Kd2 Qb2+ 70. Ke1 Qc1+ 71. Ke2 Qc4+ 72. Kd2 Qc2+ 73.
Ke1 Qb1+ 74. Kd2 Qb2+ 75. Ke1 1/2-1/2

[Event "World Rapid 2023"]
[Site "Samarkand UZB"]
[Date "2023.12.28"]
[EventDate "2023.12.26"]
[Round "10.35"]
[Result "1-0"]
[White "Jinshi Bai"]
[Black "Alexey Sarana"]
[WhiteElo "2585"]
[BlackElo "2688"]
[PlyCount "100"]

1. d4 Nf6 2. c4 e6 3. Nf3 d5 4. Nc3 a6 5. c5 b6 6. cxb6 c5 7. e3 Nbd7 8. Bd3
Qxb6 9. O-O Bd6 10. Na4 Qa7 11. b3 cxd4 12. exd4 Bb7 13. Bb2 Bc6 14. Nc5 Nxc5
15. dxc5 Bxc5 16. Ne5 Bb5 17. Bxb5+ axb5 18. a4 Qb6 19. Ng4 Be7 20. Nxf6+ Bxf6
21. Bxf6 gxf6 22. axb5 O-O 23. Ra4 f5 24. Qh5 f6 25. Rfa1 Rab8 26. Ra6 Qxb5 27.
Rxe6 Qd7 28. Qxf5 Rxb3 29. h3 d4 30. Qg4+ Qg7 31. Qxd4 Rxh3 32. Rae1 Qg6 33. Qd7
Rd3 34. Qb5 Rdd8 35. R6e3 Kh8 36. Rg3 Qf7 37. Qc5 Rfe8 38. Ra1 Rd5 39. Qc6 Rde5
40. Rf3 R5e6 41. Qc3 Qg6 42. g3 Qh6 43. Kg2 Qg5 44. Ra7 Qg6 45. Rf4 Qg5 46. Qd3
Qg6 47. Qd7 Kg8 48. Rh4 h6 49. Rg4 Qxg4 50. Qf7+ 1-0

[Event "World Rapid 2023"]
[Site "Samarkand UZB"]
[Date "2023.12.28"]
[EventDate "2023.12.26"]
[Round "10.36"]
[Result "0-1"]
[White "Levan Pantsulaia"]
[Black "Parham Maghsoodloo"]
[WhiteElo "2561"]
[BlackElo "2742"]
[PlyCount "130"]

1. c4 e5 2. Nc3 Nf6 3. Nf3 Nc6 4. e4 h6 5. d3 Bc5 6. Be3 d6 7. h3 a5 8. Be2 O-O
9. O-O Re8 10. Qd2 Bd7 11. Bd1 Nb4 12. a3 Na6 13. Bc2 Be6 14. b3 Bxe3 15. fxe3
c6 16. d4 Qc7 17. Nh4 Qe7 18. Qf2 Nc7 19. Bd3 Rad8 20. d5 Bd7 21. Be2 Na6 22.
Bd1 cxd5 23. exd5 e4 24. Bc2 Nc5 25. Rad1 Rc8 26. Rd4 a4 27. b4 Nd3 28. Bxd3
exd3 29. e4 b5 30. Nxb5 Rxc4 31. Nxd6 Rxd4 32. Nxe8 Nxe8 33. Qxd4 Qxh4 34. Qa7
Qd8 35. e5 Qc7 36. Qf2 f6 37. e6 Bb5 38. Qc5 Qxc5+ 39. bxc5 Nc7 40. Rb1 d2 41.
Rd1 Nxd5 42. Rxd2 Bc6 43. Rb2 Kf8 44. Rb8+ Ke7 45. Rc8 Bb5 46. c6 Kxe6 47. c7
Bd7 48. Re8+ Ne7 49. Rh8 Kd6 50. Rh7 g6 51. g4 f5 52. Rxh6 fxg4 53. hxg4 Bxg4
54. Rh4 Bd7 55. Rc4 Bc6 56. Kf2 Kxc7 57. Ke3 Nd5+ 58. Kd4 Kd6 59. Rc1 g5 60. Rh1
Nf6 61. Rf1 Ke6 62. Re1+ Ne4 63. Rc1 Kd6 64. Rh1 Nc5 65. Ke3 Bxh1 0-1

[Event "World Rapid 2023"]
[Site "Samarkand UZB"]
[Date "2023.12.28"]
[EventDate "2023.12.26"]
[Round "10.37"]
[Result "1-0"]
[White "Shamsiddin Vokhidov"]
[Black "Iturrizaga Bonelli, Eduardo"]
[WhiteElo "2596"]
[BlackElo "2600"]
[PlyCount "58"]

1. e4 c5 2. Nf3 Nc6 3. Bb5 e6 4. Bxc6 bxc6 5. d3 Qc7 6. O-O Ne7 7. Ng5 f6 8. Nh3
g6 9. c4 Bg7 10. Nc3 O-O 11. Be3 d6 12. f4 Bd7 13. Qd2 Rad8 14. Kh1 Bc8 15. Ng1
h6 16. f5 g5 17. g4 d5 18. Bxc5 dxe4 19. Nxe4 exf5 20. gxf5 Bxf5 21. Rae1 Bg6
22. Bxe7 Qxe7 23. Nxg5 fxg5 24. Rxe7 Rxf1 25. Kg2 Rf4 26. Qe2 Rxd3 27. Nh3 Rf8
28. Nf2 Rd6 29. Rxg7+ 1-0

[Event "World Rapid 2023"]
[Site "Samarkand UZB"]
[Date "2023.12.28"]
[EventDate "2023.12.26"]
[Round "10.38"]
[Result "0-1"]
[White "Yuriy Kuzubov"]
[Black "Dmitry Bocharov"]
[WhiteElo "2613"]
[BlackElo "2518"]
[PlyCount "74"]

1. d4 Nf6 2. Nf3 e6 3. c4 b6 4. g3 Ba6 5. b3 d5 6. cxd5 exd5 7. Bg2 Bb4+ 8. Bd2
Bd6 9. O-O O-O 10. Bg5 Nbd7 11. Nc3 Re8 12. Qc2 h6 13. Bxf6 Nxf6 14. Rfd1 c6 15.
e3 Rc8 16. Qb2 Qe7 17. a3 Rc7 18. Bf1 Bc8 19. b4 h5 20. Bg2 b5 21. Ne2 Ne4 22.
Nf4 h4 23. Rac1 Bg4 24. Re1 hxg3 25. hxg3 Qf6 26. Ne5 Rxe5 27. dxe5 Bxe5 28. Qc2
Ng5 29. Red1 Nf3+ 30. Kf1 Qh6 31. Nd3 Qh2 32. Nxe5 Qg1+ 33. Ke2 Nxe5+ 34. Kd2
Bxd1 35. Qf5 Nc4+ 36. Kd3 Qe1 37. Kd4 0-1

[Event "World Rapid 2023"]
[Site "Samarkand UZB"]
[Date "2023.12.28"]
[EventDate "2023.12.26"]
[Round "10.39"]
[Result "0-1"]
[White "Denis Lazavik"]
[Black "Hans Moke Niemann"]
[WhiteElo "2566"]
[BlackElo "2667"]
[PlyCount "128"]

1. d4 Nf6 2. c4 g6 3. g3 Bg7 4. Bg2 O-O 5. Nc3 d6 6. Nf3 Nbd7 7. O-O e5 8. e4
exd4 9. Nxd4 Re8 10. h3 Nc5 11. Re1 h6 12. f3 Nfd7 13. Be3 Ne5 14. b3 Ned3 15.
Rf1 f5 16. Qd2 Kh7 17. Rad1 c6 18. exf5 Bxf5 19. Kh2 Qf6 20. Bg1 a5 21. f4 Re7
22. g4 Bd7 23. Rf3 Rae8 24. Rxd3 Nxd3 25. Qxd3 Qxf4+ 26. Kh1 Re3 27. Bxe3 Rxe3
28. Nde2 Rxd3 29. Nxf4 Rxc3 30. Rxd6 Rc1+ 31. Kh2 Be8 32. Re6 Bf7 33. Re7 Kg8
34. Nd3 Rd1 35. Be4 b5 36. cxb5 cxb5 37. Rb7 b4 38. Rb8+ Kh7 39. Rb7 Kg8 40.
Rb8+ Bf8 41. Ne5 Re1 42. Nxg6 Rxe4 43. Nxf8 Kg7 44. Nd7 Re2+ 45. Kg3 Rxa2 46.
Rb7 Bxb3 47. Nc5+ Kf6 48. Rb6+ Ke7 49. Nxb3 Ra3 50. Kf4 Rxb3 51. Rxh6 a4 52. Ra6
a3 53. h4 Rb1 54. Kg5 Ra1 55. Ra7+ Kd6 56. Ra6+ Kc5 57. Ra5+ Kc4 58. Ra4 Kb5 59.
Ra8 b3 60. Rb8+ Kc4 61. Rc8+ Kb4 62. Rb8+ Kc3 63. Rc8+ Kb2 64. h5 a2 0-1

[Event "World Rapid 2023"]
[Site "Samarkand UZB"]
[Date "2023.12.28"]
[EventDate "2023.12.26"]
[Round "10.40"]
[Result "0-1"]
[White "Denis Makhnev"]
[Black "Sandipan Chanda"]
[WhiteElo "2486"]
[BlackElo "2486"]
[PlyCount "84"]

1. d4 f5 2. Bg5 h6 3. Bh4 g5 4. Bg3 Bg7 5. e3 c5 6. c3 d5 7. Nd2 Nf6 8. Ngf3 O-O
9. Be2 Nc6 10. dxc5 Ne4 11. Nxe4 dxe4 12. Nd4 Nxd4 13. cxd4 f4 14. exf4 gxf4 15.
Bh4 Be6 16. O-O Qxd4 17. Bxe7 Rf7 18. Bd6 Qxb2 19. Rb1 Qxa2 20. Rb4 Qd5 21. Qxd5
Bxd5 22. Rd1 a5 23. Rb6 f3 24. Bf1 fxg2 25. Kxg2 Be6 26. Bg3 Bg4 27. Rdb1 Bf3+
28. Kg1 Rf5 29. Rg6 Kh7 30. Rxg7+ Kxg7 31. Rxb7+ Kg6 32. c6 Rc5 33. c7 Rc8 34.
h4 Rc1 35. Bf4 e3 36. Rb6+ Kf5 37. Bxe3 Rg8+ 38. Bg5 hxg5 39. Rb8 Bd5 40. Rxg8
Bxg8 41. c8=Q+ Rxc8 42. Bh3+ g4 0-1

[Event "World Rapid 2023"]
[Site "Samarkand UZB"]
[Date "2023.12.28"]
[EventDate "2023.12.26"]
[Round "10.41"]
[Result "0-1"]
[White "Nikita Petrov"]
[Black "Aleksandr Shimanov"]
[WhiteElo "2561"]
[BlackElo "2578"]
[PlyCount "74"]

1. e4 c5 2. Nf3 e6 3. c3 Nf6 4. Bd3 d5 5. e5 Nfd7 6. Bc2 Nc6 7. d4 b6 8. O-O Ba6
9. Re1 Be7 10. a3 g5 11. Be3 h5 12. b4 g4 13. Nfd2 Qc7 14. Ba4 Bb7 15. Nf1 O-O-O
16. Nbd2 Rhg8 17. Rb1 h4 18. Bc2 Kb8 19. Nb3 Ka8 20. Bf4 Rc8 21. Ne3 c4 22. Nc1
f6 23. Nxg4 fxe5 24. Nxe5 Ndxe5 25. Bxe5 Nxe5 26. Rxe5 Bd6 27. Rxe6 Bxh2+ 28.
Kh1 h3 29. g4 Rcf8 30. Qe2 Bc8 31. Rg6 Rxg6 32. Bxg6 Qf4 33. f3 Bg3 34. Na2
Qxf3+ 35. Qxf3 Rxf3 36. b5 Bxg4 37. Rg1 Re3 0-1

[Event "World Rapid 2023"]
[Site "Samarkand UZB"]
[Date "2023.12.28"]
[EventDate "2023.12.26"]
[Round "10.42"]
[Result "0-1"]
[White "Chongsheng Zeng"]
[Black "Shant Sargsyan"]
[WhiteElo "2577"]
[BlackElo "2634"]
[PlyCount "70"]

1. e4 c5 2. Nf3 d6 3. d4 cxd4 4. Qxd4 Nc6 5. Qe3 g6 6. Be2 Bg7 7. O-O Nf6 8. Rd1
O-O 9. h3 Nd7 10. c4 Qb6 11. Qxb6 axb6 12. Nc3 Bxc3 13. bxc3 Nc5 14. Bh6 Re8 15.
Nd2 Ra3 16. Rdb1 Ra6 17. f3 Be6 18. Be3 Rea8 19. Rb2 f6 20. Kf2 Ne5 21. Bxc5
bxc5 22. f4 Nc6 23. Rxb7 Rxa2 24. Rxa2 Rxa2 25. Ke3 Ra3 26. Nb3 g5 27. f5 Bf7
28. Bd3 Ne5 29. Kd2 Ra2+ 30. Bc2 Nxc4+ 31. Kc1 Ne3 32. Bb1 Ra3 33. Kd2 Nf1+ 34.
Ke2 Bxb3 35. Kxf1 c4 0-1

[Event "World Rapid 2023"]
[Site "Samarkand UZB"]
[Date "2023.12.28"]
[EventDate "2023.12.26"]
[Round "10.43"]
[Result "1/2-1/2"]
[White "Anton Smirnov"]
[Black "Timur Gareyev"]
[WhiteElo "2586"]
[BlackElo "2570"]
[PlyCount "66"]

1. d4 e6 2. e4 d5 3. Nc3 dxe4 4. Nxe4 Bd7 5. Nf3 Bc6 6. Bd3 Nd7 7. Qe2 Ngf6 8.
Nxf6+ Nxf6 9. c3 Qd5 10. O-O O-O-O 11. b4 Qh5 12. Ne5 Qxe2 13. Bxe2 Be8 14. f4
Ne4 15. Bb2 f6 16. Nf3 Nd6 17. Rfe1 Bc6 18. a4 g6 19. g3 h5 20. b5 Be4 21. Nd2
Bf5 22. c4 Nf7 23. c5 g5 24. Bc4 gxf4 25. Rxe6 Bxc5 26. dxc5 Rxd2 27. Rxf6 Ng5
28. Rxf5 Nf3+ 29. Kf1 Nxh2+ 30. Kg1 Nf3+ 31. Kf1 Nh2+ 32. Kg1 Nf3+ 33. Kf1 Nh2+ 1/2-1/2

[Event "World Rapid 2023"]
[Site "Samarkand UZB"]
[Date "2023.12.28"]
[EventDate "2023.12.26"]
[Round "10.44"]
[Result "0-1"]
[White "M Amin Tabatabaei"]
[Black "Mukhammadali Abdurakhmonov"]
[WhiteElo "2692"]
[BlackElo "2409"]
[PlyCount "122"]

1. e4 c5 2. Nf3 d6 3. Bb5+ Nd7 4. a4 Nf6 5. Nc3 e6 6. O-O Be7 7. d4 cxd4 8. Qxd4
O-O 9. Rd1 a6 10. Bf1 e5 11. Qe3 b6 12. Nd2 Bb7 13. Nc4 Qc7 14. b3 Nc5 15. f3
Rad8 16. Bb2 Rfe8 17. Qf2 Bf8 18. Ne3 g6 19. Ned5 Nxd5 20. Nxd5 Bxd5 21. Rxd5
Qb7 22. Qe2 Ra8 23. Rad1 Ne6 24. g3 Nc7 25. R5d2 b5 26. a5 Ne6 27. Qe3 h5 28. c4
b4 29. Bg2 Qc7 30. Rd5 Kh7 31. f4 Bh6 32. Rf1 Rad8 33. Kh1 Nc5 34. Qe1 Nxb3 35.
fxe5 dxe5 36. Qxb4 Nd2 37. Rc1 Rb8 38. Qc3 Nxc4 39. Rc2 Rec8 40. Bh3 Rxb2 41.
Rxb2 Nxb2 42. Qxb2 Rb8 43. Qf2 Rb1+ 44. Bf1 Be3 45. Qf3 Bd4 46. Kg2 Rb2+ 47. Be2
Kg7 48. Kh3 Qc8+ 49. Kh4 Qe6 50. Qf1 Be3 51. g4 Bf4 52. Qg2 g5+ 53. Kh3 hxg4+
54. Qxg4 Rxe2 55. Qxe6 fxe6 56. Rd6 Rxh2+ 57. Kg4 Rg2+ 58. Kh5 Kf6 59. Rxa6 g4
60. Ra8 g3 61. Kg4 Ra2 0-1